[Event "Tch-CRO 1st Liga w 2017"]
[Site "Mali Losinj"]
[Date "2017.10.03"]
[Round "7.33"]
[White "Bogdanic, Katarina"]
[Black "Spiranec, Noemi"]
[Result "1/2-1/2"]
[WhiteElo "1982"]
[BlackElo "1957"]
[PlyCount "80"]
[EventDate "2017.09.28"]
[EventType "team"]
[EventRounds "9"]
[EventCountry "CRO"]

1. c4 g6 2. g3 Bg7 3. Bg2 c5 4. Nc3 Nc6 5. Nf3 d6 6. O-O e6 7. e3 Nge7 8. d4
O-O 9. b3 b6 10. Bb2 Bb7 11. Qd2 a6 12. Rad1 Qc7 13. dxc5 dxc5 14. Qd7 Qb8 15.
Qd2 Rd8 16. Qe2 Qc7 17. Ne4 e5 18. Nc3 Rxd1 19. Rxd1 Rd8 20. Rxd8+ Qxd8 21. Qd2
f6 22. h4 Kf7 23. Ne4 Qxd2 24. Nfxd2 Ke6 25. Bh3+ Nf5 26. Nc3 Kf7 27. Na4 Nb4
28. Nxb6 Nxa2 29. Nd7 Bf8 30. Nxf8 Kxf8 31. Nb1 Be4 32. Nc3 Nxc3 33. Bxc3 Nd6
34. Bf1 Ke8 35. Be2 Kd7 36. Kf1 Kc6 37. Ke1 Bc2 38. Bd1 Be4 39. Kd2 Bf5 40. Ke1
Kb6 1/2-1/2

[Event "Tch-CRO 1st Liga w 2017"]
[Site "Mali Losinj"]
[Date "2017.10.03"]
[Round "7.34"]
[White "Dejanovic, Tereza"]
[Black "Golub, Nikolina"]
[Result "1/2-1/2"]
[WhiteElo "1808"]
[BlackElo "1897"]
[PlyCount "58"]
[EventDate "2017.09.28"]
[EventType "team"]
[EventRounds "9"]
[EventCountry "CRO"]

1. e4 e6 2. d4 d5 3. Nd2 c5 4. exd5 exd5 5. Ngf3 a6 6. c3 Nc6 7. Bd3 Bg4 8.
Qe2+ Qe7 9. Qxe7+ Bxe7 10. dxc5 Bxc5 11. O-O Nge7 12. Nb3 Ba7 13. Nfd4 O-O 14.
Be3 Ne5 15. Bc2 Nc4 16. h3 Nxe3 17. fxe3 Bd7 18. e4 Rfe8 19. Kh1 Rad8 20. Rae1
b5 21. exd5 Nxd5 22. Be4 Nc7 23. Bc6 Ne6 24. Bd5 Bc8 25. Bxe6 Bxe6 26. Nc6 Rd7
27. Nxa7 Rxa7 28. Re3 Rae7 29. Rfe1 Kf8 1/2-1/2

[Event "Tch-CRO 1st Liga w 2017"]
[Site "Mali Losinj"]
[Date "2017.10.03"]
[Round "7.41"]
[White "Purgar, Ivona"]
[Black "Kejzar, Petra"]
[Result "1-0"]
[WhiteElo "2159"]
[BlackElo "2021"]
[PlyCount "97"]
[EventDate "2017.09.28"]
[EventType "team"]
[EventRounds "9"]
[EventCountry "CRO"]

1. e4 c5 2. Nf3 d6 3. d4 cxd4 4. Nxd4 Nf6 5. Nc3 a6 6. g3 e6 7. Bg2 Be7 8. O-O
Qc7 9. Be3 O-O 10. g4 Nc6 11. g5 Nd7 12. f4 Nxd4 13. Qxd4 Re8 14. a4 b6 15. Qd2
Rb8 16. Qf2 Bf8 17. h4 Bb7 18. h5 d5 19. exd5 exd5 20. Bd4 Nc5 21. Nxd5 Bxd5
22. Bxd5 Qd7 23. Qg2 Rbd8 24. c4 Nb3 25. Bxb6 Rb8 26. a5 Nxa1 27. g6 Kh8 28.
gxf7 Re7 29. Rxa1 Qf5 30. h6 Qxf4 31. hxg7+ Bxg7 32. Rf1 Bd4+ 33. Bxd4+ Qxd4+
34. Kh1 Qh4+ 35. Qh2 Qxh2+ 36. Kxh2 Kg7 37. b4 Re2+ 38. Kh3 Kf8 39. Rg1 Ke7 40.
Rg7 Rxb4 41. Rg8 Rb3+ 42. Kg4 Rf2 43. Re8+ Kd6 44. f8=Q+ Rxf8 45. Rxf8 Ke5 46.
Ra8 h5+ 47. Kxh5 Rh3+ 48. Kg6 Rg3+ 49. Kf7 1-0

[Event "Tch-CRO 1st Liga w 2017"]
[Site "Mali Losinj"]
[Date "2017.10.03"]
[Round "7.42"]
[White "Lukenda, Tina"]
[Black "Blazeka, Mihaela"]
[Result "0-1"]
[WhiteElo "2062"]
[BlackElo "2096"]
[PlyCount "68"]
[EventDate "2017.09.28"]
[EventType "team"]
[EventRounds "9"]
[EventCountry "CRO"]

1. d4 Nf6 2. Nf3 e6 3. c4 b6 4. g3 Bb7 5. Bg2 Be7 6. O-O O-O 7. Nc3 d5 8. cxd5
exd5 9. Bg5 Nbd7 10. Rc1 Ne4 11. Bxe7 Qxe7 12. Nh4 Ndf6 13. Qc2 c6 14. a3 Rfe8
15. Nxe4 dxe4 16. Nf5 Qd7 17. Bh3 Kh8 18. Kg2 Qd5 19. Qc4 Rad8 20. Qxd5 Rxd5
21. e3 Bc8 22. g4 h5 23. g5 Nh7 24. Ng3 Bxh3+ 25. Kxh3 Nxg5+ 26. Kg2 h4 27. Ne2
Rd6 28. Rc3 Ne6 29. Rfc1 c5 30. dxc5 Nxc5 31. b4 Nd3 32. Rg1 h3+ 33. Kxh3 Nxf2+
34. Kg2 Nd1 0-1

[Event "Tch-CRO 1st Liga w 2017"]
[Site "Mali Losinj"]
[Date "2017.10.03"]
[Round "7.43"]
[White "Rozman, Monika"]
[Black "Svaljek, Radmila"]
[Result "1-0"]
[WhiteElo "2194"]
[BlackElo "1967"]
[PlyCount "131"]
[EventDate "2017.09.28"]
[EventType "team"]
[EventRounds "9"]
[EventCountry "CRO"]

1. e4 e6 2. d4 d5 3. Nd2 dxe4 4. Nxe4 Bd7 5. Nf3 Bc6 6. Bd3 Nd7 7. O-O Ngf6 8.
Ng3 Be7 9. Re1 b6 10. c4 O-O 11. Bd2 Bb7 12. Qe2 Re8 13. Rad1 Nf8 14. Bc3 c6
15. Bc2 Qc7 16. b4 a5 17. a3 axb4 18. axb4 Ng6 19. Ra1 Nd7 20. Ne4 Rxa1 21.
Rxa1 Ra8 22. Rxa8+ Bxa8 23. Neg5 Ngf8 24. h4 Qf4 25. Bd2 Qg4 26. Nxh7 Bxh4 27.
Nxf8 Nxf8 28. Qe4 Qxe4 29. Bxe4 f5 30. Bxc6 Bxc6 31. Nxh4 Nd7 32. b5 Be4 33. c5
bxc5 34. dxc5 Nxc5 35. f4 Kf7 36. Kf2 Bd3 37. b6 Be4 38. Nf3 Bxf3 39. gxf3 Nb7
40. Ke3 Ke7 41. Bc3 g6 42. Kd4 Kd7 43. Ke5 Nd6 44. Kf6 Nb7 45. Kxg6 Nd8 46. Kf6
Nb7 47. Ke5 Nd8 48. Be1 Nc6+ 49. Kf6 Nd8 50. Bc3 Nb7 51. Be5 Na5 52. Bb8 Nc4
53. Bc7 Na5 54. Be5 Nb7 55. Bc3 Nd8 56. Bb4 Nc6 57. b7 Kc7 58. Bc3 Kxb7 59.
Kxe6 Kc7 60. Kxf5 Kd7 61. Kg6 Ke8 62. Bf6 Nb8 63. f5 Nc6 64. Kg7 Nb8 65. Be5
Nd7 66. Bd6 1-0

[Event "Tch-CRO 1st Liga w 2017"]
[Site "Mali Losinj"]
[Date "2017.10.03"]
[Round "7.44"]
[White "Batory, Lucija"]
[Black "Blazeka, Ivana"]
[Result "1/2-1/2"]
[WhiteElo "1730"]
[BlackElo "1614"]
[PlyCount "93"]
[EventDate "2017.09.28"]
[EventType "team"]
[EventRounds "9"]
[EventCountry "CRO"]

1. e4 e5 2. Nf3 Nc6 3. Bb5 a6 4. Ba4 Nf6 5. d3 b5 6. Bb3 Be7 7. O-O O-O 8. a4
Bb7 9. Re1 d6 10. c3 Na5 11. Bc2 c5 12. Nbd2 Qc7 13. Nf1 Bc6 14. d4 cxd4 15.
cxd4 Rfc8 16. Bd2 Nc4 17. Bc3 Bb7 18. Rc1 bxa4 19. dxe5 dxe5 20. Bxa4 Bxe4 21.
Bb3 Bxf3 22. Qxf3 e4 23. Qe2 Ne5 24. Bxe5 Qxe5 25. Ng3 Rxc1 26. Rxc1 Rb8 27.
Qc4 Rf8 28. Qe2 Rb8 29. Rc3 a5 30. Qc4 Rf8 31. Rc2 e3 32. Re2 exf2+ 33. Kxf2
Qc5+ 34. Kf3 Qxc4 35. Bxc4 Bb4 36. b3 g6 37. Re5 Re8 38. Rb5 Kg7 39. Ne2 Nd7
40. Kf4 Re7 41. Nd4 Bd2+ 42. Kg3 Re3+ 43. Kf2 Ne5 44. Nf3 Nxf3 45. gxf3 Re7 46.
Kg3 f5 47. Rb6 1/2-1/2

[Event "Tch-CRO 1st Liga w 2017"]
[Site "Mali Losinj"]
[Date "2017.10.04"]
[Round "8.11"]
[White "Ivekovic, Ana"]
[Black "Purgar, Ivona"]
[Result "1/2-1/2"]
[WhiteElo "2070"]
[BlackElo "2159"]
[PlyCount "43"]
[EventDate "2017.09.28"]
[EventType "team"]
[EventRounds "9"]
[EventCountry "CRO"]

1. d4 Nf6 2. c4 e6 3. Nf3 d5 4. Nc3 c6 5. cxd5 exd5 6. Bg5 Be7 7. e3 Bf5 8. Nh4
Bg4 9. Be2 Bxe2 10. Qxe2 h6 11. Bf4 g5 12. Bxb8 gxh4 13. Bf4 Qd7 14. O-O Qf5
15. Kh1 Rg8 16. Rac1 Rg6 17. Rfe1 Kf8 18. Qf3 Kg8 19. Be5 Qg5 20. Bf4 Qf5 21.
Be5 Qg5 22. Bf4 1/2-1/2

[Event "Tch-CRO 1st Liga w 2017"]
[Site "Mali Losinj"]
[Date "2017.10.04"]
[Round "8.12"]
[White "Blazeka, Mihaela"]
[Black "Turk, Tajana"]
[Result "1-0"]
[WhiteElo "2096"]
[BlackElo "2018"]
[PlyCount "51"]
[EventDate "2017.09.28"]
[EventType "team"]
[EventRounds "9"]
[EventCountry "CRO"]

1. e4 c5 2. Nf3 e6 3. c4 Nc6 4. d4 cxd4 5. Nxd4 Bb4+ 6. Nc3 Nf6 7. Nxc6 bxc6 8.
Bd3 Qc7 9. O-O O-O 10. Re1 d5 11. e5 Nd7 12. Qh5 f5 13. exf6 Nxf6 14. Qh4 e5
15. cxd5 Bxc3 16. d6 Qxd6 17. Qc4+ Kh8 18. Qxc3 Ng4 19. Be4 Qf6 20. Qg3 Nxf2
21. Bg5 Qe6 22. Rf1 h6 23. Be3 Rf4 24. Bf3 Ne4 25. Qe1 Ba6 26. Bxf4 1-0

[Event "Tch-CRO 1st Liga w 2017"]
[Site "Mali Losinj"]
[Date "2017.10.04"]
[Round "8.13"]
[White "Spiranec, Noemi"]
[Black "Rozman, Monika"]
[Result "0-1"]
[WhiteElo "1957"]
[BlackElo "2194"]
[PlyCount "114"]
[EventDate "2017.09.28"]
[EventType "team"]
[EventRounds "9"]
[EventCountry "CRO"]

1. e4 c5 2. Nf3 d6 3. d3 Nc6 4. g3 g6 5. Bg2 Bg7 6. O-O e6 7. Re1 Nge7 8. c3 d5
9. Nbd2 O-O 10. e5 Qc7 11. Qe2 Bd7 12. a3 Rab8 13. d4 cxd4 14. cxd4 Qb6 15. Qd3
Rfc8 16. Nb3 Be8 17. Bg5 h6 18. Bf6 Bxf6 19. exf6 Nf5 20. g4 Nd6 21. Qe3 Ne4
22. g5 hxg5 23. Nxg5 Nxf6 24. Nc5 Qxb2 25. Nb3 Ng4 26. Qf4 Qxb3 27. Qxg4 Qd3
28. Rad1 Qf5 29. Qh4 Nd8 30. Re5 Qf6 31. Bxd5 Rc2 32. Rde1 Rbc8 33. Qh7+ Kf8
34. Ne4 Qf5 35. Nd6 Qxf2+ 36. Kh1 Bc6 37. Qh8+ Ke7 38. Nxc8+ Kd7 39. Bxc6+ Nxc6
40. Qh3 Nxe5 41. Rf1 Qxd4 42. Nxa7 Qd5+ 43. Kg1 Qd4+ 44. Kh1 Qxa7 45. Rd1+ Kc7
46. Qh4 Nd7 47. Qf4+ e5 48. Qxf7 Qa4 49. Qxg6 Rxh2+ 50. Kxh2 Qxd1 51. Qg3 Qd6
52. Qc3+ Qc5 53. Qg3 Kc6 54. Qg6+ Qd6 55. Qc2+ Nc5 56. Qf5 e4+ 57. Kg2 Qe6 0-1

[Event "Tch-CRO 1st Liga w 2017"]
[Site "Mali Losinj"]
[Date "2017.10.04"]
[Round "8.14"]
[White "Blazeka, Ivana"]
[Black "Dejanovic, Tereza"]
[Result "0-1"]
[WhiteElo "1614"]
[BlackElo "1808"]
[PlyCount "100"]
[EventDate "2017.09.28"]
[EventType "team"]
[EventRounds "9"]
[EventCountry "CRO"]

1. e4 c5 2. Nf3 d6 3. d4 cxd4 4. Nxd4 Nf6 5. Nc3 a6 6. Be2 e6 7. Be3 Be7 8. O-O
O-O 9. Qd2 Nc6 10. a3 Qc7 11. f3 b5 12. Nxc6 Qxc6 13. Bd3 Bb7 14. Rfd1 Rfd8 15.
Qe2 Rac8 16. Rd2 Nd7 17. a4 b4 18. Na2 Qxa4 19. b3 Qa5 20. Rdd1 Bf6 21. c3 bxc3
22. b4 Qc7 23. Rac1 Ra8 24. Bd2 Qb6+ 25. Be3 Bd4 26. Bxd4 Qxd4+ 27. Qf2 Qxf2+
28. Kxf2 d5 29. Nxc3 Nb6 30. Ra1 d4 31. Ne2 e5 32. Ra5 f6 33. Rda1 Rac8 34.
Bxa6 Bxa6 35. Rxa6 Nc4 36. Rd1 Rb8 37. Rb1 Nd6 38. Nc1 Nb5 39. Nd3 Rdc8 40. Rc1
Rxc1 41. Nxc1 Rc8 42. Rb6 Rc2+ 43. Kg3 Nc3 44. Nd3 Rd2 45. Nc1 d3 46. Rc6 Rc2
47. b5 d2 48. b6 dxc1=Q 49. b7 Qg5+ 50. Kh3 Qxg2+ 0-1

[Event "Tch-CRO 1st Liga w 2017"]
[Site "Mali Losinj"]
[Date "2017.10.04"]
[Round "8.21"]
[White "Krivec, Jana"]
[Black "Bulmaga, Irina"]
[Result "1/2-1/2"]
[WhiteElo "2270"]
[BlackElo "2423"]
[PlyCount "81"]
[EventDate "2017.09.28"]
[EventType "team"]
[EventRounds "9"]
[EventCountry "CRO"]

1. e4 e5 2. Nc3 Nf6 3. Bc4 Nc6 4. d3 Na5 5. Qf3 c6 6. Nge2 Be7 7. h3 O-O 8. a4
Nxc4 9. dxc4 d6 10. O-O a5 11. Rd1 Be6 12. b3 Qc7 13. Ng3 Rfd8 14. Nf5 Bxf5 15.
Qxf5 Nd7 16. Be3 Nf8 17. Rd3 Ne6 18. Rad1 Bf8 19. Qg4 g6 20. R1d2 h5 21. Qd1 b6
22. g3 Re8 23. Kg2 Rab8 24. h4 Rb7 25. Ne2 Qc8 26. Nc3 Kh7 27. Qf3 Ng7 28. Ne2
f5 29. Nc3 Qe6 30. exf5 e4 31. fxe6 exf3+ 32. Kxf3 Rxe6 33. Ne4 Be7 34. Nxd6
Rb8 35. Ne4 Rf8+ 36. Bf4 Nf5 37. Re2 Kg8 38. Ng5 Nxh4+ 39. gxh4 Rxe2 40. Kxe2
Rxf4 41. Nf3 1/2-1/2

[Event "Tch-CRO 1st Liga w 2017"]
[Site "Mali Losinj"]
[Date "2017.10.04"]
[Round "8.22"]
[White "Berke, Ana"]
[Black "Starcevic, Andrea"]
[Result "1-0"]
[WhiteElo "2169"]
[BlackElo "1879"]
[PlyCount "127"]
[EventDate "2017.09.28"]
[EventType "team"]
[EventRounds "9"]
[EventCountry "CRO"]

1. e4 c5 2. Nf3 e6 3. d4 cxd4 4. Nxd4 a6 5. c4 Qc7 6. Nc3 Nc6 7. Be3 Nf6 8. Be2
Be7 9. O-O O-O 10. Nb3 d6 11. Rc1 Rb8 12. f3 Bd7 13. Nd5 exd5 14. cxd5 Rfc8 15.
dxc6 Bxc6 16. Qd2 Qd8 17. Rfd1 Nd7 18. Nd4 Ne5 19. f4 Ng6 20. Nxc6 Rxc6 21.
Rxc6 bxc6 22. Bxa6 Qc7 23. Bc4 Qb7 24. b3 Ra8 25. a4 Nf8 26. a5 Nd7 27. a6 Qc7
28. Qb4 Rb8 29. Qa4 Nb6 30. Qa5 Bd8 31. Ra1 Qa7 32. Qh5 c5 33. Bd5 Nxd5 34.
Qxd5 Bc7 35. e5 dxe5 36. Bxc5 Bb6 37. b4 exf4 38. Kf2 h6 39. Kf3 Bxc5 40. Qxc5
Qa8+ 41. Kf2 Rc8 42. Qxc8+ Qxc8 43. a7 Qa8 44. b5 Kh7 45. b6 g5 46. b7 Qxb7 47.
a8=Q Qb6+ 48. Kf1 Qd4 49. Qa2 Kg6 50. Re1 g4 51. Qe2 f5 52. Rd1 Qc5 53. Qd3 Kg5
54. Qd8+ Kh5 55. Qd5 Qf8 56. Re1 Kg5 57. Qe6 h5 58. Qe7+ Qxe7 59. Rxe7 h4 60.
Rh7 g3 61. h3 f3 62. gxf3 Kf4 63. Kg2 Ke3 64. Rxh4 1-0

[Event "Tch-CRO 1st Liga w 2017"]
[Site "Mali Losinj"]
[Date "2017.10.04"]
[Round "8.23"]
[White "Tomulic, Vesna"]
[Black "Bogdanic, Katarina"]
[Result "1/2-1/2"]
[WhiteElo "1829"]
[BlackElo "1982"]
[PlyCount "37"]
[EventDate "2017.09.28"]
[EventType "team"]
[EventRounds "9"]
[EventCountry "CRO"]

1. e4 c5 2. Nf3 e6 3. d4 cxd4 4. Nxd4 a6 5. Bd3 Qc7 6. O-O Nf6 7. Qe2 d6 8. c4
Nbd7 9. f4 Be7 10. Be3 b6 11. Nc3 Bb7 12. Rac1 Nc5 13. Bd2 Nxd3 14. Qxd3 Rc8
15. b3 O-O 16. Nf3 Rfd8 17. Qe2 Qc5+ 18. Be3 Qc7 19. Na4 1/2-1/2

[Event "Tch-CRO 1st Liga w 2017"]
[Site "Mali Losinj"]
[Date "2017.10.04"]
[Round "8.24"]
[White "Golub, Nikolina"]
[Black "Krajacic, Ivona"]
[Result "1/2-1/2"]
[WhiteElo "1897"]
[BlackElo "1589"]
[PlyCount "136"]
[EventDate "2017.09.28"]
[EventType "team"]
[EventRounds "9"]
[EventCountry "CRO"]

1. d4 d5 2. c4 c6 3. Qc2 Nf6 4. Nf3 Bg4 5. Ne5 Bh5 6. Bf4 Nbd7 7. e3 e6 8. c5
Be7 9. Nd2 Nxe5 10. Bxe5 Bg6 11. Qa4 O-O 12. b4 b5 13. Qa6 Qc8 14. Qa3 Nd7 15.
Bg3 Bd8 16. Bd6 Re8 17. Qb2 Bc7 18. Bxc7 Qxc7 19. f4 f6 20. Be2 e5 21. fxe5
fxe5 22. Nb3 exd4 23. exd4 Bh5 24. Nc1 Qf4 25. Qd2 Qh4+ 26. g3 Qe4 27. O-O Bxe2
28. Re1 Qe3+ 29. Qxe3 Rxe3 30. Rxe2 Rxe2 31. Nxe2 a5 32. bxa5 Rxa5 33. Kf2 Ra3
34. Nc1 Nf6 35. Rb1 Ne4+ 36. Kg2 Ra4 37. Nd3 Rxd4 38. Nb4 Rc4 39. Nxc6 Rxc5 40.
Nd4 Nc3 41. Rb2 Kf7 42. Kf3 Kf6 43. Ne2 Nxe2 44. Kxe2 Ke5 45. Kd3 Kd6 46. Rb4
Kc6 47. a4 Kb6 48. axb5 Rxb5 49. Rf4 Kc6 50. Ra4 Rb7 51. Kd4 Rb6 52. Ke5 Rb7
53. Ra6+ Kd7 54. Kxd5 Ke7 55. Ke5 Kf7 56. h4 g6 57. Ra5 Kg7 58. Ra4 Kf7 59. g4
Kg7 60. g5 h6 61. Kf4 hxg5+ 62. hxg5 Rc7 63. Rd4 Ra7 64. Rd5 Re7 65. Rc5 Kf7
66. Rd5 Ra7 67. Rb5 Re7 68. Rb6 Rc7 1/2-1/2

[Event "Tch-CRO 1st Liga w 2017"]
[Site "Mali Losinj"]
[Date "2017.10.04"]
[Round "8.31"]
[White "Voiska, Margarita"]
[Black "Zarkovic, Mila"]
[Result "1/2-1/2"]
[WhiteElo "2272"]
[BlackElo "2242"]
[PlyCount "43"]
[EventDate "2017.09.28"]
[EventType "team"]
[EventRounds "9"]
[EventCountry "CRO"]

1. Nf3 Nf6 2. c4 e6 3. g3 a6 4. Bg2 b5 5. b3 c5 6. Bb2 Bb7 7. O-O Be7 8. e3 Qb6
9. Nc3 O-O 10. Rb1 Bc6 11. d4 Qb7 12. d5 exd5 13. Ne5 dxc4 14. Nxc6 dxc6 15.
bxc4 b4 16. Na4 Nbd7 17. Qf3 Rac8 18. Bh3 Rcd8 19. Bg2 Rc8 20. Bh3 Rcd8 21. Bg2
Rc8 22. Bh3 1/2-1/2

[Event "Tch-CRO 1st Liga w 2017"]
[Site "Mali Losinj"]
[Date "2017.10.04"]
[Round "8.32"]
[White "Sulc, Gordana"]
[Black "Cvitan, Ena"]
[Result "0-1"]
[WhiteElo "1848"]
[BlackElo "2269"]
[PlyCount "108"]
[EventDate "2017.09.28"]
[EventType "team"]
[EventRounds "9"]
[EventCountry "CRO"]

1. e4 c6 2. d4 d5 3. exd5 cxd5 4. Bd3 Nc6 5. c3 Nf6 6. Bf4 Bg4 7. Qb3 Qd7 8.
Nd2 e6 9. Ngf3 Bxf3 10. Nxf3 Bd6 11. Bg3 O-O 12. O-O Rfb8 13. Rae1 Qc7 14. Qc2
g6 15. Bxd6 Qxd6 16. Ne5 b5 17. a3 a5 18. a4 b4 19. Re3 bxc3 20. bxc3 Rb7 21.
Rb1 Rxb1+ 22. Qxb1 Rb8 23. Qa2 Qc7 24. Nxc6 Qxc6 25. Bb5 Qc7 26. f3 Nh5 27. g3
Ng7 28. Qd2 Nf5 29. Re1 Nd6 30. Rb1 h5 31. Qd3 Rc8 32. Rb3 h4 33. Kg2 Kg7 34.
g4 h3+ 35. Kg1 Nc4 36. Qe2 Qf4 37. Ba6 Rc7 38. Bxc4 Rxc4 39. Qe5+ Qxe5 40. dxe5
Rxa4 41. Kf2 g5 42. Kg3 Rf4 43. Ra3 a4 44. c4 Rxc4 45. Kxh3 f6 46. exf6+ Kxf6
47. Kg3 Ke5 48. Re3+ Kd4 49. Rxe6 Kc3 50. h4 gxh4+ 51. Kxh4 a3 52. Kg5 a2 53.
Ra6 Kb3 54. Rb6+ Ka3 0-1

[Event "Tch-CRO 1st Liga w 2017"]
[Site "Mali Losinj"]
[Date "2017.10.04"]
[Round "8.33"]
[White "Vujnovic, Patricija"]
[Black "Mican, Karmela"]
[Result "1/2-1/2"]
[WhiteElo "2121"]
[BlackElo "1804"]
[PlyCount "54"]
[EventDate "2017.09.28"]
[EventType "team"]
[EventRounds "9"]
[EventCountry "CRO"]

1. d4 Nf6 2. c4 e6 3. Nc3 d5 4. Nf3 c6 5. Bg5 h6 6. Bh4 Be7 7. e3 Nh5 8. Bxe7
Qxe7 9. Ne5 Nf6 10. cxd5 exd5 11. Bd3 Nbd7 12. Nxd7 Bxd7 13. Qc2 O-O 14. O-O
Rae8 15. Rae1 Ne4 16. f3 Nxc3 17. bxc3 f5 18. a4 a6 19. c4 dxc4 20. Bxc4+ Be6
21. Qb3 Bxc4 22. Qxc4+ Kh8 23. Rf2 Rf6 24. Rfe2 Re6 25. e4 fxe4 26. fxe4 Qg5
27. Qd3 Qa5 1/2-1/2

[Event "Tch-CRO 1st Liga w 2017"]
[Site "Mali Losinj"]
[Date "2017.10.04"]
[Round "8.34"]
[White "Lijic, Kristina"]
[Black "Ivekovic, Tihana"]
[Result "0-1"]
[WhiteElo "1717"]
[BlackElo "2111"]
[PlyCount "84"]
[EventDate "2017.09.28"]
[EventType "team"]
[EventRounds "9"]
[EventCountry "CRO"]

1. c4 e5 2. Nc3 Nf6 3. g3 g6 4. Bg2 Bg7 5. Nf3 Nc6 6. O-O O-O 7. d3 d6 8. Bd2
h6 9. a3 a5 10. Rc1 Be6 11. Qc2 Qd7 12. Rfe1 Bh3 13. Bh1 Ng4 14. Nd5 f5 15. e4
fxe4 16. dxe4 Rxf3 17. Bxf3 Nd4 18. Bxg4 Bxg4 19. Qd3 Nf3+ 20. Kh1 Nxe1 21.
Rxe1 Rf8 22. Kg1 Qf7 23. Qf1 b6 24. Re3 Bf6 25. Rc3 Bg5 26. Bxg5 hxg5 27. Rc2
Bf3 28. Rd2 Bxe4 29. Qe2 Bf3 30. Qf1 Kg7 31. Ne3 g4 32. Ng2 Bc6 33. Qe2 Bf3 34.
Qf1 g5 35. b3 Qh5 36. Kh1 Rh8 37. Qg1 Qg6 38. Qe1 Rh3 39. Qf1 Qh7 40. Qg1 Qe4
41. Qf1 Bxg2+ 42. Qxg2 Qe1+ 0-1

[Event "Tch-CRO 1st Liga w 2017"]
[Site "Mali Losinj"]
[Date "2017.10.04"]
[Round "8.41"]
[White "Jacimovic, Sara"]
[Black "Repkova, Eva"]
[Result "0-1"]
[WhiteElo "1975"]
[BlackElo "2315"]
[PlyCount "72"]
[EventDate "2017.09.28"]
[EventType "team"]
[EventRounds "9"]
[EventCountry "CRO"]

1. d4 Nf6 2. e3 b6 3. f4 Bb7 4. Nf3 e6 5. Bd3 c5 6. c3 Nc6 7. O-O Qc7 8. Kh1
Be7 9. Qe1 Rc8 10. Nbd2 cxd4 11. exd4 Nh5 12. f5 Nf4 13. Qe3 Nxd3 14. Qxd3 O-O
15. Re1 Na5 16. Nf1 Qc4 17. Qd1 Qd5 18. Ne3 Qe4 19. Nd2 Qh4 20. Ndf1 Bd6 21.
Bd2 Be4 22. b4 Nc4 23. Nxc4 Rxc4 24. Qe2 Bd5 25. Kg1 Rcc8 26. g3 Qh3 27. Ne3
Be4 28. Qf1 Qh5 29. f6 gxf6 30. Ng2 f5 31. Nf4 Qg4 32. Rac1 b5 33. Qf2 f6 34.
Ng2 Kh8 35. Rf1 Rg8 36. a3 Bxg3 0-1

[Event "Tch-CRO 1st Liga w 2017"]
[Site "Mali Losinj"]
[Date "2017.10.04"]
[Round "8.42"]
[White "Medic, Mirjana"]
[Black "Videkovic, Marina"]
[Result "1-0"]
[WhiteElo "2128"]
[BlackElo "1850"]
[PlyCount "85"]
[EventDate "2017.09.28"]
[EventType "team"]
[EventRounds "9"]
[EventCountry "CRO"]

1. d4 Nf6 2. Nf3 e6 3. c4 b6 4. Nc3 Bb7 5. e3 d5 6. cxd5 exd5 7. Bd3 Be7 8. O-O
O-O 9. b3 Nbd7 10. Bb2 Ne4 11. Rc1 Nxc3 12. Rxc3 c5 13. Rc1 Rc8 14. dxc5 Rxc5
15. Bd4 Rxc1 16. Qxc1 Bf6 17. Qa3 a5 18. Rc1 Bxd4 19. Nxd4 Nc5 20. Bb5 Qf6 21.
Rc2 Qg6 22. Qc1 h5 23. Qd1 Rd8 24. Be2 h4 25. Bh5 Qh7 26. Bg4 g6 27. h3 f5 28.
Be2 Qe7 29. a3 Qd6 30. Nb5 Qe5 31. b4 axb4 32. axb4 Na6 33. Nd4 Nxb4 34. Rb2
Nc6 35. Rxb6 Nxd4 36. exd4 Qg7 37. Qb3 Rd7 38. Bf3 Kh7 39. Qe3 Re7 40. Qf4 Re1+
41. Kh2 Qe7 42. Qb8 Ba8 43. Ra6 1-0

[Event "Tch-CRO 1st Liga w 2017"]
[Site "Mali Losinj"]
[Date "2017.10.04"]
[Round "8.43"]
[White "Grgic, Neomi"]
[Black "Roklicer, Heike"]
[Result "0-1"]
[WhiteElo "1847"]
[BlackElo "2044"]
[PlyCount "106"]
[EventDate "2017.09.28"]
[EventType "team"]
[EventRounds "9"]
[EventCountry "CRO"]

1. e4 c6 2. Nc3 d5 3. Nf3 g6 4. d4 Bg7 5. Be3 Nh6 6. Qd2 Ng4 7. Bf4 dxe4 8.
Nxe4 Nf6 9. Nxf6+ exf6 10. h4 h5 11. O-O-O Be6 12. Re1 O-O 13. Bd3 Re8 14. Nh2
f5 15. Nf3 Nd7 16. Kb1 b5 17. Ng5 Qb6 18. Nxe6 Rxe6 19. Rxe6 fxe6 20. Qe3 Kf7
21. Re1 Re8 22. c3 Nf6 23. Be5 Ng4 24. Qg3 Bxe5 25. dxe5 Qxf2 26. Qxf2 Nxf2 27.
Be2 Rd8 28. Kc2 Ke7 29. Bf3 Rc8 30. Kd2 Ng4 31. Bxg4 hxg4 32. Ke3 Rd8 33. Re2
Kf7 34. Rd2 Rxd2 35. Kxd2 g5 36. hxg5 Kg6 37. Ke3 Kxg5 38. g3 f4+ 39. gxf4+ Kf5
40. b3 g3 41. a3 g2 42. Kf2 Kxf4 43. Kxg2 Kxe5 44. Kf3 Kf5 45. Ke3 e5 46. a4
bxa4 47. bxa4 c5 48. a5 e4 49. a6 Ke5 50. Ke2 Kf4 51. Kf2 e3+ 52. Ke1 Ke4 53.
Ke2 c4 0-1

[Event "Tch-CRO 1st Liga w 2017"]
[Site "Mali Losinj"]
[Date "2017.10.04"]
[Round "8.44"]
[White "Smetisko, Marija"]
[Black "Ivekovic, Zvjezdana"]
[Result "1/2-1/2"]
[WhiteElo "1795"]
[BlackElo "1681"]
[PlyCount "143"]
[EventDate "2017.09.28"]
[EventType "team"]
[EventRounds "9"]
[EventCountry "CRO"]

1. e4 e5 2. Nf3 Nc6 3. Bc4 Bc5 4. c3 Qe7 5. d3 Nf6 6. Nbd2 d6 7. Nf1 Be6 8. Qb3
Bb6 9. Bxe6 fxe6 10. Be3 d5 11. Bxb6 axb6 12. Ng3 Rd8 13. Qa4 O-O 14. O-O h5
15. Rad1 g6 16. a3 Nh7 17. exd5 exd5 18. Qh4 Qd7 19. Ne2 Qf5 20. h3 Rde8 21.
Qg3 g5 22. d4 Kh8 23. dxe5 h4 24. Qg4 Qxg4 25. hxg4 Nxe5 26. Nxe5 Rxe5 27. Nd4
c6 28. Rfe1 Rfe8 29. Nf3 Re4 30. Kf1 Kg7 31. Nd4 Nf6 32. Nf5+ Kf8 33. f3 R4e6
34. Rxe6 Rxe6 35. Re1 Kf7 36. Rd1 Nd7 37. Kf2 Ne5 38. Ne3 Ke7 39. Rd4 b5 40. a4
bxa4 41. g3 h3 42. f4 h2 43. Kg2 Nf3 44. Nf5+ Kf6 45. Rd1 Re1 46. Rxe1 Nxe1+
47. Kxh2 gxf4 48. gxf4 Nd3 49. Nd4 Nxb2 50. Nc2 Nc4 51. Kg3 a3 52. Kf3 a2 53.
Ke2 Na3 54. Na1 Nb5 55. Kd3 Nd6 56. Kc2 Nc4 57. Kb3 Ne3 58. Kxa2 Nxg4 59. Nb3
b6 60. Nd4 c5 61. Ne2 Kf5 62. Kb3 Ne3 63. Ka4 Ng2 64. Kb5 Nxf4 65. Nc1 Ke4 66.
Kxb6 c4 67. Ka5 Ke3 68. Na2 Kd3 69. Ka4 Ne2 70. Nb4+ Kd2 71. Nxd5 Nxc3+ 72. Kb4
1/2-1/2

[Event "Tch-CRO 1st Liga w 2017"]
[Site "Mali Losinj"]
[Date "2017.10.05"]
[Round "9.11"]
[White "Zarkovic, Mila"]
[Black "Jacimovic, Sara"]
[Result "1-0"]
[WhiteElo "2242"]
[BlackElo "1975"]
[PlyCount "97"]
[EventDate "2017.09.28"]
[EventType "team"]
[EventRounds "9"]
[EventCountry "CRO"]

1. e4 e5 2. Nf3 Nc6 3. Bb5 a6 4. Ba4 Nf6 5. O-O Be7 6. Re1 b5 7. Bb3 d6 8. a4
Bg4 9. c3 O-O 10. d4 Na5 11. Bc2 c5 12. dxe5 Bxf3 13. Qxf3 dxe5 14. Nd2 Re8 15.
Qg3 Bf8 16. Nf3 Nc6 17. Bg5 Qd6 18. Nh4 Qe6 19. Nf5 Kh8 20. Qh4 Nd7 21. Re3 f6
22. Rh3 Qg8 23. Be3 g6 24. Rd1 Ncb8 25. Nd6 Bxd6 26. Rxd6 Rf8 27. b4 c4 28. a5
Rf7 29. f4 Qf8 30. Re6 Qg8 31. Bd1 Qd8 32. Be2 Nf8 33. Bb6 Qd2 34. Rxf6 Rxf6
35. Qxf6+ Kg8 36. Bf1 Qxf4 37. Qe7 Qxe4 38. Rf3 Nbd7 39. Rf7 Qd5 40. Rg7+ Kh8
41. Be2 Rb8 42. Be3 Re8 43. Rxh7+ Nxh7 44. Qxe8+ Nhf8 45. Qe7 Kg8 46. Bf3 Qf7
47. Qd6 Qf6 48. Qxf6 Nxf6 49. Bb7 1-0

[Event "Tch-CRO 1st Liga w 2017"]
[Site "Mali Losinj"]
[Date "2017.10.05"]
[Round "9.12"]
[White "Videkovic, Marina"]
[Black "Sulc, Gordana"]
[Result "1/2-1/2"]
[WhiteElo "1850"]
[BlackElo "1848"]
[PlyCount "44"]
[EventDate "2017.09.28"]
[EventType "team"]
[EventRounds "9"]
[EventCountry "CRO"]

1. d4 Nf6 2. Nf3 e6 3. c4 Bb4+ 4. Bd2 Qe7 5. a3 Bxd2+ 6. Nbxd2 d6 7. e4 e5 8.
d5 a5 9. b4 Nfd7 10. Be2 O-O 11. O-O c6 12. dxc6 bxc6 13. Nb3 axb4 14. axb4
Rxa1 15. Qxa1 Na6 16. Qa5 Ndb8 17. b5 Nc5 18. Nxc5 dxc5 19. Rd1 f6 20. h3 g6
21. Qc3 Qc7 22. Ra1 Nd7 1/2-1/2